000 00665nam a22002057a 4500
005 20251108173247.0
008 250721s2006 xx 000 0 ara d
082 1 4 _a658.8/ساع
100 1 _aالساعد، رشاد محمد
245 1 0 _aالتسويق الدوائي مدخل استراتيجي تحليلي /
264 1 _aعمان :
_bدار المناهج للنشر والتوزيع،
_c2006.
300 _a305ص.
650 1 7 _aالتسويق
650 1 7 _aالأدوية
650 1 7 _aإدارة المبيعات
650 1 7 _aصناعة الأدوية
700 1 _aالصميدعي، محمود جاسم
942 _2ddc
_cBK
999 _c99785
_d99785